000 00567nam a2200169 i 4500
001 69604
003 ES-MaACL
005 20230906170546.0
007 t|
008 040708s1908 sp ||||1| spa d
100 1 _aGarcía Faria, Pedro (
_d1858-1927)
_954586
245 1 4 _aLas inundaciones de octubre de 1907 en Cataluña
_b: previsiones futuras /
_cPedro García Faria.
260 _aMadrid :
_b[s.n.],
_c1908 (
_fHijos de J.A. Garcia)
300 _a96 p., lám. 1-5, 1 mapa ;
_c23 cm.
650 4 _aInundaciones-
_zCataluña.
_9159697
852 _aES-MaACL
_j1497-F-2
999 _c69604
_d69604